Introduction to Information Systems (Record no. 5330)

MARC details
000 -LEADER
fixed length control field 00619nam a22002177a 4500
003 - CONTROL NUMBER IDENTIFIER
control field OSt
005 - DATE AND TIME OF LATEST TRANSACTION
control field 20161010180115.0
008 - FIXED-LENGTH DATA ELEMENTS--GENERAL INFORMATION
fixed length control field 161010b xxu||||| |||| 00| 0 eng d
020 ## - INTERNATIONAL STANDARD BOOK NUMBER
International Standard Book Number 9781118808559
040 ## - CATALOGING SOURCE
Transcribing agency DDC
082 ## - DEWEY DECIMAL CLASSIFICATION NUMBER
Classification number 004 RAI 2015
100 ## - MAIN ENTRY--PERSONAL NAME
Personal name Rainer, R. Kelly; Prince, Brad; Cegielski, Casey
9 (RLIN) 11172
245 ## - TITLE STATEMENT
Title Introduction to Information Systems
250 ## - EDITION STATEMENT
Edition statement 5th ed.
260 ## - PUBLICATION, DISTRIBUTION, ETC. (IMPRINT)
Place of publication, distribution, etc. Singapore; John Wiley, 2015
300 ## - PHYSICAL DESCRIPTION
Extent xv,408p; col.ill: 26cm
504 ## - BIBLIOGRAPHY, ETC. NOTE
Bibliography, etc Glossary, & index included
650 ## - SUBJECT ADDED ENTRY--TOPICAL TERM
Topical term or geographic name as entry element Information systems
9 (RLIN) 2356
650 ## - SUBJECT ADDED ENTRY--TOPICAL TERM
Topical term or geographic name as entry element Information Technology
9 (RLIN) 5622
942 ## - ADDED ENTRY ELEMENTS (KOHA)
Source of classification or shelving scheme Dewey Decimal Classification
Koha item type Book Bank
Holdings
Withdrawn status Lost status Source of classification or shelving scheme Damaged status Not for loan Home library Current library Date acquired Source of acquisition Inventory number Total Checkouts Full call number Barcode Date last seen Koha item type
    Dewey Decimal Classification     MUST Main Library MUST Main Library 10/10/2016 Purchase 16/39783   004 RAI 2015 2016-4697 10/10/2016 Open Shelf
    Dewey Decimal Classification     MUST Main Library MUST Main Library 10/10/2016 Purchase 16/39784   004 RAI 2015 2016-4698 10/10/2016 Open Shelf
    Dewey Decimal Classification     MUST Main Library MUST Main Library 10/10/2016 Purchase 16/39785   004 RAI 2015 2016-4699 10/10/2016 Open Shelf
    Dewey Decimal Classification     MUST Main Library MUST Main Library 12/10/2016   16/39782   004 RAI 2015 2016-4744 12/10/2016 Book Bank